| 000 | 00970nam a2200277Ia 4500 | ||
|---|---|---|---|
| 003 | OSt | ||
| 005 | 20221005111100.0 | ||
| 006 | a|||||r|||| 00| 0 | ||
| 007 | ta | ||
| 008 | 221004b |||||||| |||| 00| 0 hin d | ||
| 020 |
_a9788183613675 (hbk) _cIndian Rupees 200 |
||
| 024 | _a41095 | ||
| 037 |
_bGift, 09/01/2019, _cTextual |
||
| 040 |
_aCRL _cCRL _bhin |
||
| 041 |
_2hin _ahin |
||
| 082 | _aO152,1NSHx, Q0 | ||
| 100 | _aशर्मा, शशि शेखर, ले. | ||
| 245 | 0 | _aहरसिंगार के सपने | |
| 246 | _aHarasiangār ke sapane | ||
| 260 |
_aनई दिल्ली _bराधाकृष्ण भारत _c2010 |
||
| 300 |
_a120पृ0 _ccm. |
||
| 650 | _a हिन्दी साहित्य | ||
| 650 | _aहिन्दी कविता | ||
| 942 |
_hO152,1NSHx, Q0 _cTEXL _2cc |
||
| 999 |
_c1020753 _d1020753 |
||